000
00284nam a2200109 a 4500
005
20141022142008.0
008
120228s19uu xx 00 eng d
050
_a
CD
_b
C17 2001
245
_a
Finance for growth :
_b
policy choices in a volatile world.
260
_c
2001.
942
_c
AVM
999
_c
276622
_d
276622